Statistics for Scottish Football Teams 2016/17

Click here to take the quiz!

General Stats

  • This quiz has been taken 54 times
  • The average score is 31 of 42

Answer Stats

Answer% Correct
Aberdeen
100%
Heart of Midlothian
100%
Hibernian
100%
Celtic
97%
Dundee United
97%
Dundee
97%
Rangers
95%
St. Mirren
86%
Kilmarnock
84%
Motherwell
84%
Falkirk
81%
East Fife
81%
Hamilton Academical
78%
Partick Thistle
78%
Queen of the South
78%
St. Johnstone
78%
Inverness Caledonian Thistle
76%
Raith Rovers
76%
Airdrieonians
76%
Alloa Athletic
76%
Queen's Park
73%
Stirling Albion
73%
Livingston
70%
Arbroath
70%
Ross County
68%
Stranraer
68%
Forfar Athletic
68%
Brechin
68%
Elgin City
65%
Montrose
65%
Greenock Morton
65%
Edinburgh City
62%
Peterhead
62%
Ayr United
62%
Annan Athletic
62%
Stenhousemuir
62%
Dunfermline
59%
Cowdenbeath
59%
Clyde
59%
Berwick Rangers
59%
Albion Rovers
51%
Dunbarton
43%

Score Distribution

Percentile by Number Answered

Percent of People with Each Score

Your Score History

You have not taken this quiz